A Textbook of Nursing Foundation for B.Sc (Record no. 40)
[ view plain ]
| 000 -LEADER | |
|---|---|
| Fixed length control field | 00521nam a2200193Ia 4500 |
| 003 - CONTROL NUMBER IDENTIFIER | |
| Control field | IIN |
| 005 - DATE AND TIME OF LATEST TRANSACTION | |
| Control field | 20240201130005.0 |
| 008 - FIXED-LENGTH DATA ELEMENTS--GENERAL INFORMATION | |
| Fixed length control field | 231217s9999 xx 000 0 und d |
| 020 ## - INTERNATIONAL STANDARD BOOK NUMBER / ISBN | |
| Price | Rs.1149.00 |
| International Standard Book Number | 9788190938525 |
| 040 ## - CATALOGING SOURCE | |
| Original cataloging agency | IIN |
| Language of cataloging | English |
| 082 ## - DEWEY DECIMAL CLASSIFICATION NUMBER | |
| Classification number | 610.73 |
| Book Number | KAU |
| 100 1# - MAIN ENTRY--PERSONAL NAME | |
| Personal name | Kaur, Lakhwinder |
| 245 #2 - TITLE STATEMENT | |
| Title | A Textbook of Nursing Foundation for B.Sc |
| Statement of responsibility | Lakhwinder Kaur & Maninder Kaur |
| 260 ## - IMPRINT | |
| Name of publisher | PV |
| Place of publication | Jalandhar |
| Date of publication | 2019 |
| 300 ## - PHYSICAL DESCRIPTION | |
| Page / Vol. No | [16] 1-816 p. |
| 650 1# - SUBJECT ADDED ENTRY--TOPICAL TERM | |
| Topical term | Foundation |
| 700 1# - ADDED ENTRY--PERSONAL NAME | |
| Personal name | Kaur, Maninder |
| 942 ## - ADDED ENTRY ELEMENTS (KOHA) | |
| Koha item type | Books |
| Withdrawn status | Lost status | Source of classification | Damaged status | Not for loan | Collection code | Home library | Current library | Date acquired | Price | Total Checkouts | Call number | Accession number | Date last seen | Price effective from | Koha item type |
|---|---|---|---|---|---|---|---|---|---|---|---|---|---|---|---|
| Dewey Decimal Classification | IDEAL INSTITUTE OF NURSING | IDEAL INSTITUTE OF NURSING | 17/12/2023 | 1149.00 | 610.73 KAU | 35 | 17/12/2023 | 17/12/2023 | Books |
